| 000 | 00431nam a2200181Ia 4500 | ||
|---|---|---|---|
| 003 | GCL | ||
| 008 | 140319s9999 xx 000 0 eng d | ||
| 040 |
_aGCL / _cGCL |
||
| 082 | 0 | 4 |
_a791.437 _bD A |
| 100 | 1 | _aDICK, BERNARD F. | |
| 245 | 1 | 0 |
_aANATOMY OF FILM / _cDICK, BERNARD F. |
| 260 |
_a[S.N] : _bST. MARTINS PRESS ، _c1990 |
||
| 300 | _a273 | ||
| 650 | 0 | 4 | _aARTS |
| 650 | 0 | 4 | _aFILMS |
| 650 | 0 | 4 | _aMOVIES |
| 942 |
_2ddc _cBK |
||
| 999 |
_c17654 _d17654 |
||